000 00318 a2200145 4500
001 164368
020 _a
040 _cMagnum
100 _aBoltanski, Luc
240 1 0 _aAs classes sociais e o corpo
_lpor
245 1 0 _aAs classes sociais e o corpo
362 0 _a1899
697 _aORGANIZACAO SOCIAL
942 _cBK
999 _c164368
_d164368